header

How to teach now (Record no. 226402)

MARC details
000 -LEADER
fixed length control field 01397nam a2200349 a 4500
082 04 - DEWEY DECIMAL CLASSIFICATION NUMBER
Classification number 371.102
100 1# - MAIN ENTRY--AUTHOR NAME
Personal name Powell, William.
245 10 - TITLE STATEMENT
Title How to teach now
260 ## - PUBLICATION, DISTRIBUTION, ETC. (IMPRINT)
Place of publication Alexandria, Va. :
Name of publisher ASCD,
Year of publication c2011.
300 ## - PHYSICAL DESCRIPTION
Number of Pages ix, 178 p.
650 #0 - SUBJECT ADDED ENTRY--TOPICAL TERM
Topical Term Global method of teaching.
Topical Term Educational technology.
Topical Term Education
Topical Term International education.
700 1# - ADDED ENTRY--PERSONAL NAME
Personal name Kusuma-Powell, Ochan.
856 40 - ELECTRONIC LOCATION AND ACCESS
Uniform Resource Identifier http://site.ebrary.com/lib/rucke/Doc?id=10488665

No items available.

© 2026 Rongo University
Contact us: librarian | system librarian | Rongo university